000
00316nam a22001337a 4500
020
_a
9788189304478
082
_a
630.68
_b
AMA/AG
100
_a
Amarnath, J.S
245
_a
Agri-Business management
260
_a
Delhi
_b
Satish Serial Publishing House
_c
2010
300
_a
396
700
_a
Samvel, A.P.V
942
_c
BK
999
_c
13693
_d
13693